000 00597nam a2200229Ia 4500
003 OSt
005 20220928152036.0
006 a|||||r|||| 00| 0
007 ta
008 220927b |||||||| |||| 00| 0 eng d
024 _a143525
037 _cTextual
040 _aSDCL
_cSDCL
_beng
041 _2eng
_aeng
082 _aX:89K.2'N7, L4
100 _aMisra R P
245 0 _aRegional development planning in India
_b A new strategy
260 _c1974
700 _a Sundram K V
942 _hX:89K.2'N7, L4
_cTEXL
_2CC
999 _c854113
_d854113